| 000 | 00473nam a22001697a 4500 | ||
|---|---|---|---|
| 005 | 20180209121936.0 | ||
| 008 | 160428b xxu||||| |||| 00| 0 eng d | ||
| 020 | _a0-07-048644-1 | ||
| 041 | _aeng | ||
| 082 |
_b00721 _a005.74 |
||
| 100 |
_aPost, Gerald V. _94134 |
||
| 245 | _aData base Management Systems: Designing & Building Business Application | ||
| 260 |
_aNew Delhi _bTMH Publ.co.Ltd. _c2003 |
||
| 300 | _a568 | ||
| 650 |
_aInformation Technology _9137 |
||
| 942 | _cBK | ||
| 999 |
_c209 _d209 |
||